THE BETTER MAN (Record no. 1160902)

MARC details
000 -LEADER
fixed length control field 00247nam a2200109Ia 4500
008 - FIXED-LENGTH DATA ELEMENTS--GENERAL INFORMATION
fixed length control field 240521s1997 xx 000 0 und d
041 ## - LANGUAGE CODE
Language code of text/sound track or separate title eng
100 ## - MAIN ENTRY--PERSONAL NAME
Personal name NAIR.A.
245 ## - TITLE STATEMENT
Title THE BETTER MAN
260 ## - PUBLICATION, DISTRIBUTION, ETC.
Name of publisher, distributor, etc. PENGUIN BOOKS LTD
Date of publication, distribution, etc. 1997
300 ## - PHYSICAL DESCRIPTION
Extent 361

No items available.